000 00918nam a2200253Ia 4500
003 OSt
005 20220923220206.0
006 a|||||r|||| 00| 0
007 ta
008 220922b |||||||| |||| 00| 0 hin d
024 _a184,889
037 _cTextual
040 _aARTS
_cARTS
_bhin
041 _2hin
_ahin
082 _aO152,1NSIx, N0.1
100 _aसिन्हा, सुमित्रा कुमारी
245 0 _aरचनावली, संपा अजितकुमार
246 _aRachanāvalī, sanpā0 ajitakumāra
260 _aनई दिल्ली
_b ऋषभचरण जैन एवं सन्तति
_c1990
300 _a345 पृ.
_ccm.
650 _aहिन्दी साहित्य
_9156264
942 _hO152,1NSIx, N0.1
_cTEXL
_2CC
999 _c338146
_d338146